Gaming Quiz

Random Gaming or Pokémon Quiz

Pokémon (Gen VII) Quiz Stats

 Plays Quiz Updated Feb 28, 2019

Score 0/88 Timer 08:00
63 Plays Today
Number Pokémon % Correct
722Rowlet
95.1%
725Litten
94.1%
728Popplio
90.6%
724Decidueye
88.1%
727Incineroar
86.8%
730Primarina
86.4%
792Lunala
85.5%
726Torracat
85.4%
791Solgaleo
84.7%
723Dartrix
84.4%
729Brionne
81.6%
731Pikipek
80.1%
733Toucannon
79.2%
789Cosmog
74.5%
732Trumbeak
74.2%
735Gumshoos
73.8%
734Yungoos
73.6%
794Buzzwole
72.7%
738Vikavolt
72.6%
785Tapu Koko
71.6%
737Charjabug
71%
786Tapu Lele
70.2%
736Grubbin
69.6%
744Rockruff
69.5%
800Necrozma
69.5%
798Kartana
69.2%
787Tapu Bulu
69%
790Cosmoem
69%
788Tapu Fini
68.9%
799Guzzlord
68.9%
Number Pokémon % Correct
778Mimikyu
68.6%
745Lycanroc
68.4%
793Nihilego
67.2%
746Wishiwashi
66.1%
795Pheromosa
66%
805Stakataka
66%
797Celesteela
65.7%
803Poipole
64.4%
757Salandit
64.3%
758Salazzle
64.3%
754Lurantis
64.3%
796Xurkitree
63.9%
784Kommo-o
63.7%
801Magearna
63%
782Jangmo-o
62.6%
750Mudsdale
62.4%
753Fomantis
62%
802Marshadow
61.5%
808Meltan
61.4%
749Mudbray
61.2%
807Zeraora
61%
806Blacephalon
60.4%
809Melmetal
59.7%
761Bounsweet
59.4%
777Togedemaru
59.3%
783Hakamo-o
59.1%
739Crabrawler
58.9%
763Tsareena
58.8%
780Drampa
58.5%
741Oricorio
58.1%
Number Pokémon % Correct
804Naganadel
57.9%
748Toxapex
57.2%
740Crabominable
57%
742Cutiefly
56.9%
752Araquanid
56.9%
776Turtonator
56.4%
743Ribombee
56%
751Dewpider
56%
765Oranguru
55.6%
762Steenee
55.6%
760Bewear
55.3%
767Wimpod
54.3%
747Mareanie
54.3%
766Passimian
53.6%
768Golisopod
53.4%
759Stufful
51.9%
772Type: Null
51.4%
779Bruxish
50.1%
773Silvally
49.7%
781Dhelmise
49.4%
764Comfey
49.3%
769Sandygast
47.9%
771Pyukumuku
47.5%
770Palossand
47.1%
756Shiinotic
46.4%
755Morelull
46.2%
774Minior
45%
775Komala
44.2%

You're not logged in!

Compare scores with friends on all Sporcle quizzes.
OR
Log In

Show Comments

Extras

Top Quizzes Today


Score Distribution

Your Account Isn't Verified!

In order to create a playlist on Sporcle, you need to verify the email address you used during registration. Go to your Sporcle Settings to finish the process.

Report this User

Report this user for behavior that violates our Community Guidelines.

Details: